Los fichajes más caros del fútbol - Delanteros centros - Estadísticas

Estadísticas generales
  • Esta prueba ha sido intentada 174 veces
  • La puntuación promedio es 10 de 10
Estadísticas de respuestas
Coste (M €) Temporada Nacionalidad Último club Nuevo club Jugador % Correcto
180,00 2018-2019 Francia Mónaco PSG Kylian Mbappé
100%
120,00 2019-2020 Francia Atlético Madrid FC Barcelona Antoine Griezmann
99%
117,00 2018-2019 Portugal Real Madrid Juventus Cristiano Ronaldo
99%
94,00 2009-2010 Portugal Manchester United Real Madrid Cristiano Ronaldo
99%
95,00 2023-2024 Inglaterra Tottenham Bayern Múnich Harry Kane
97%
113,00 2021-2022 Bélgica Inter Chelsea Romelu Lukaku
96%
84,70 2017-2018 Bélgica Everton Manchester Unitesd Romelu Lukaku
96%
85,00 2022-2023 Uruguay Benfica Liverpool Darwin Núñez
94%
90,00 2016-2017 Argentina Nápoles Juventus Gonzalo Higuaín
88%
95,00 2023-2024 Francia Eintracht PSG Randal Kolo Muani
84%
No se encontraron pruebas coincidentes
Distribución de puntuación
Porcentaje de gente con cada puntuación
Porcentaje por número respondido
Historial de tus puntuaciones
No has intentado esta prueba.